| 000 | 01584nam a22003257i 4500 | ||
|---|---|---|---|
| 999 |
_c170067 _d170067 |
||
| 003 | PPAK | ||
| 005 | 20181104160651.0 | ||
| 007 | ta | ||
| 008 | 181104t20092014my ||||e |||| 00| 1 eng d | ||
| 020 |
_a9781407153346 _cRM18.63 _qpaperback |
||
| 040 |
_aPPAK _beng _cPPAK _erda |
||
| 082 | 0 | 4 |
_223 _a823 |
| 090 | 0 | 0 |
_a823 _bCOL _dG |
| 100 | 1 |
_aCollins, Suzanne, _eauthor. |
|
| 245 | 1 | 0 |
_aCATCHING FIRE / _cSUZANNE COLLINS |
| 264 | 1 |
_aLondon : _bLondon : Scholastic, Ltd, _c2014 |
|
| 264 | 4 | _c©2009 | |
| 300 |
_a439 pages : _c20 cm |
||
| 336 |
_2rdacontent _atext |
||
| 337 |
_2rdamedia _aunmediated |
||
| 338 |
_2rdacarrier _avolume |
||
| 490 | 1 | _aTHE HUNGER GAMES | |
| 500 | _aFilm tie-in. Originally published: New York: Scholastic, 2009. | ||
| 521 | _aThe second book in the ground-breaking Hunger Games trilogy. After winning the brutal Hunger Games, Katniss and Peeta return to their district, hoping for a peaceful future. But their victory has caused rebellion to break out and the Capitol has decided that someone must pay. As Katniss and Peeta are forced to visit the districts on the Capitol's Victory Tour, the stakes are higher than ever. Unless they can convince the world that they are still lost in their love for each other, the consequences will be horrifying. Then comes the cruellest twist: the contestants for the next Hunger Games are announced, and Katniss and Peeta are forced into the arena once more. | ||
| 650 | 1 | 0 | _aEnglish fiction |
| 650 | 2 | 0 |
_aInsurgency _vFiction |
| 650 | 2 | 0 |
_aSurvival _vFiction |
| 830 | 0 | _aThe hunger games | |
| 942 |
_2ddc _cB |
||